000 00664nam a2200289Ia 4500
005 20260324144019.0
008 008 260324s9999 xx 000 0 eng d
020 _a9781315124599
037 _aEBOOK
040 _aCRL
040 _beng
040 _cCRL
041 _2eng
041 _aeng
084 _qCRL
100 _aBruce Luske
_91217758
245 0 _aMirrors of Madness
245 0 _bPatrolling the Psychic Border
260 _bTaylor and Francis
260 _c1990
365 _a
365 _b110
856 _uhttp://www.taylorfrancis.com/books/9781315124599
942 _cEBOOK
999 _c1823853
_d1823853